LEADER 00662naa a2200145 i 4500 001 000000298478 003 CaOOAMICUS 005 20180831172625.0 008 180831n xx u000 u und u 013 $a6089 040 $aSeMil$bita 100 1 $aCapmany, José.$0(OLS)http://semarc/name/16751 245 13$aLa catechesi e l'animazione missionaria nella promozione della comunione ecclesiale. 773 0 $aCapmany, José$tChiesa mistero di comunione per la missione.$dRoma : Urbaniana University Press, copyr. 1997.$kAtti$z88-401-6001-9$w()67111 996 $6245$aLa catechesi e l'animazione missionaria nella promozione della comunione ecclesiale$9(OLS)http://semarc/title/374498 LEADER 00387nab a2200133 i 4500 001 000000328232 003 CaOOAMICUS 005 20180831173556.0 008 180831n it uu u0 0ita r 013 $a39841 040 $aSeMil$bita 245 10$aSommario n. 4 - aprile 1995. 773 0 $tTi ho chiamato per nome....$w()290965 996 $6245$aSommario n. 4 - aprile 1995.$9(OLS)http://semarc/title/416820